Linguistics for Intercultural Education (Record no. 61432)
[ view plain ]
| 000 -LEADER | |
|---|---|
| fixed length control field | 01684nam a2200409Ia 4500 |
| 082 04 - DEWEY DECIMAL CLASSIFICATION NUMBER | |
| Classification number | 407.1/1 |
| 245 00 - TITLE STATEMENT | |
| Title | Linguistics for Intercultural Education |
| 260 ## - PUBLICATION, DISTRIBUTION, ETC. (IMPRINT) | |
| Place of publication | Amsterdam ; |
| -- | Philadelphia : |
| Name of publisher | John Benjamins Publishing Company, |
| Year of publication | 2013. |
| 300 ## - PHYSICAL DESCRIPTION | |
| Number of Pages | vi, 201 p. |
| 490 1# - SERIES STATEMENT | |
| Series statement | Language Learning & Language Teaching, |
| 650 #0 - SUBJECT ADDED ENTRY--TOPICAL TERM | |
| Topical Term | Cross-cultural orientation. |
| Topical Term | Intercultural communication. |
| Topical Term | Language and culture. |
| Topical Term | Language and education. |
| Topical Term | Language and languages |
| Topical Term | Multicultural education. |
| 700 1# - ADDED ENTRY--PERSONAL NAME | |
| Personal name | Dervin, Fred, |
| Personal name | Liddicoat, Anthony, |
| 856 40 - ELECTRONIC LOCATION AND ACCESS | |
| Uniform Resource Identifier | http://site.ebrary.com/lib/rucke/Doc?id=10682151 |
No items available.
